000 00766nam a2200265 i 4500
001 6953
003 ES-MaACL
005 20230906145129.0
007 t|
008 900713s1986 sp ||||1| spa d
020 _a84-345-8431-X
080 _a612.82
080 _a159.964.2
100 1 _aWinson, Jonathan.
_9117106
245 1 0 _aCerebro y psique /
_cJonathan Winson.
260 _aBarcelona :
_bSalvat,
_cD.L. 1986.
300 _aIX, 258 p. :
_bil. ;
_c19 cm.
490 1 _aBiblioteca científica Salvat ;
_v59
504 _aBibliogr.: p. 241-254.
650 4 _aCerebro.
_910903
650 4 _aSubconsciente.
_917233
830 0 _aBiblioteca científica Salvat ;
_v59
_9177703
852 _aES-MaACL
_jL-14144
_bR.117732
_z. - rust.
999 _c6953
_d6953